000 01144nam a2200181 4500
001 13439
005 20260107121424.0
008 260107b |||||||| |||| 00| 0 eng d
040 _aBSULIB
_dBSULIB
082 _a330.07
_bOKU
100 _aOkurut, H.E
_926167
245 _aEconomics of education
_b(Foundations of education)/
_cH.E Okurut
260 _aKampala:
_bDepartment of Distance Education;
_bMakerere University,
_c2001.
300 _aix, 92p.
_c28cm.
505 _a1. The meaning, nature and scope of economics of education 2. The consumption and investment aspects of educational expenditure 3. The modernisation theory and role of education in a modernisation process 4. Meaning of development 5. Human resource planning 6. Cost-benefit analysis I 7. Cost-benefit analysis II 8. Social demand forecasting (projection) technique 9. Efficiency in education 10. Equity issues in Education 11. The problem of uneducated employment 12. The brain drain problem 13. Cost analysis in education 14. Educational financing (part one) 15. Educational financing (part two)
650 _2Economics
942 _2ddc
_cBK
999 _c13439
_d13439